1219 1366 1320 1747 1885 1025 1203 1220 1330 1794 1416 1825 1418 1668 1804 1644 1235 1850 1581 1179 1114 1822 1247 1917 1924 1923 1390 1756 1083 1802 1760 1910 1456 1551 1354 1504 1937 1787 1367 1762 1413 1632 1433 1612 1811 1402 1860 1565 1070 1354 1847 1893 1183 1968 1383 1843 1414 1599 1861 1363 1625 1241 1076 1801 1923 1571 1013 1553 1143 1748 1250 1322 1064 1512 1132 1597 1640 1241 1646 1864 1198 1338 1899 1409 1412 1569 1748 1327 1813 1739 1713 1702 1175 1069 1986 1390 1368 1396 1620 BCNSPRNW ULIB Ver.6.0+V

เปลี่ยนเป็นภาษาไทย

Change to English
 แสดงรายละเอียดบรรณานุกรม
  กลับหน้าหลัก

Brief Record : Get Marc (ISO 2709) : E-mail record : QR code < ปิดหน้าต่าง
LEADER : 00000nam 2200000uu 4500
001    13399128623
003     ULIB
008    230921s2565||||th 000 0 tha d
020    ^a9786165909471
060 04 ^aWY160^bจ389ก
100 0  ^aจิณห์จุฑา ชัยเสนา ดาลลาส
245 10 ^aการบำบัดร่วมสมัยทางการพยาบาลจิตเวช สำหรับเยาวชนที่ใช้สารเสพติด :^bแนวคิดสู่การปฏิบัติ /^cจิณห์จุฑา ชัยเสนา ดาลลาส
250    ^aพิมพ์ครั้งที่ 1
260    ^aชลบุรี :^bคณะพยาบาลศาสตร์ มหาวิทยาลัยบูรพา,^c2565
300    ^aก-ฌ, 188 หน้า :^bภาพปรกอบ ;^c26 ซม.
650  2 ^aPsychiatric Nursing
650  4 ^aการพยาบาลจิตเวชศาสตร์
650  4 ^aพยาบาลจิตเวช
650  4 ^aเยาวชนกับยาเสพติด^xการบำบัด
710 2  ^aมหาวิทยาลัยบูรพา.^bคณะพยาบาลศาสตร์
945    ^p300^l0^i29884
945    ^p300^l0^i29885
945    ^p300^l0^i29886
999    ^aกัณชพร จุลอักษร
รายการนี้ยังไม่มีแท็ก
คุณยังไม่ได้ล็อกอิน คุณสามารถมีกิจกรรมร่วมกับเว็บไซต์ได้ แต่ต้องล็อกอินก่อน ::
  ล็อกอิน

รายการสื่อสารสนเทศ

ลำดับที่ ประเภท เลขเรียก/บาร์โค้ด สถานที่ สถานะ
1. หนังสือสำรอง
หนังสือสำรอง
WY160 จ389ก ฉ.1 
  Barcode: 29884
ห้องสมุดวิทยาเขตนครสวรรค์
►หนังสือทั่วไป:l:General Books
บนชั้น
2. วิทยาศาสตร์การแพทย์ และสุขภาพ
วิทยาศาสตร์การแพทย์ และสุขภาพ
WY160 จ389ก ฉ.2 
  Barcode: 29885
ห้องสมุดวิทยาเขตนครสวรรค์
►หนังสือทั่วไป:l:General Books
บนชั้น
3. วิทยาศาสตร์การแพทย์ และสุขภาพ
วิทยาศาสตร์การแพทย์ และสุขภาพ
WY160 จ389ก ฉ.3 
  Barcode: 29886
ห้องสมุดวิทยาเขตนครสวรรค์
►หนังสือทั่วไป:l:General Books
บนชั้น

รายการใกล้เคียง
    ผู้แต่ง [จิณห์จุฑา ชัยเสนา ดาลลาส]

    หัวเรื่อง [Psychiatric Nursing]
    หัวเรื่อง [การพยาบาลจิตเวชศาสตร์]
    หัวเรื่อง [พยาบาลจิตเวช]

BibComment


ยังไม่เคยถูกคอมเมนท์

คอมเมนท์ทรัพยากรรายการนี้
  คอมเมนท์: การบำบัดร่วมสมัย..


 Copyright 2026. Bcnsprnw @Library